000 01726nab a22002657a 4500
999 _c5684
_d5684
003 OSt
005 20251226235409.0
008 190603e xxum|||| |||| 00| 0 spa d
040 _cPJ
100 _94799
_aIturbide, Gabriela A.
245 1 0 _aReflexiones sobre la prescripción adquisitiva en el Código Civil y Comercial de la Nación a diez años de su entrada en vigencia /
_cGabriela A. Iturbide.
260 _cCiudad Autónoma de Buenos Aires :
_aThomson Reuters La Ley,
_b2025.
300 _ap. 176-198
500 _aCita: TR LALEY AR/DOC/1757/2025 Publicado en: RCCyC 2025 (agosto).
505 _aSumario: I. Introducción.— II. El tiempo.— III. Los requisitos de la posesión.— IV. Prescripción larga.— V. Prescripción larga abreviada de diez años en materia de cosas muebles.— VI. Legitimación activa y pasiva en el juicio de usucapión.— VII. Efectos de la sentencia en el juicio de usucapión larga.— VIII. Fecha de la adquisición del derecho real.— IX. Anotación de litis en el juicio de usucapión larga.— X. Usucapión breve.— XI. Causales de suspensión del plazo de la prescripción.— XII. Causales de interrupción del plazo de prescripción.— XIII. Palabras finales.
505 _t¿Te interesa el texto completo? Solicitalo al correo: koha@justierradelfuego.gov.ar
650 0 _91497
_aCODIGO CIVIL Y COMERCIAL
650 0 _91821
_aDERECHOS REALES
650 0 _92324
_aPRESCRIPCIÓN ADQUISITIVA
650 0 _92289
_aPOSESIÓN
650 0 _92274
_aBIENES INMUEBLES
650 0 _93092
_aPRESCRIPCIÓN
773 0 _02713
_93170
_dCiudad Autónoma de Buenos Aires : Thomson Reuters La Ley, 2015-
_tRevista Código Civil y Comercial. Nº 4 - Agosto 2025
942 _2udc
_cANA